Países da península ibérica - Statistics

Estatísticas Gerais
  • Esse quiz foi jogado 91 vezes
  • A pontuação média é 4 de 5
Estatísticas das Respostas
País % Correto
Espanha
100%
Portugal
99%
Andorra
85%
França
83%
Reino Unido
51%
Nenhum quiz correspondente encontrado
Distribuição das Pontuações
Porcentagem de Pessoas com Cada Pontuação
Percentil de Números Respondidos
Sua Pontuação Histórica
Você não jogou esse quiz